Your Bright Future in Information Technology /

Obra en que se exploran las múltiples oportunidades de trabajo que brinda la industria de la computación. A la vez que revisa cómo iniciar y mantener una carrera en las nuevas tecnologías de la comunicación y la información, se indica al lector qué tipo de preparación académica es necesaria para log...

Descripción completa

Guardado en:
Detalles Bibliográficos
Autor principal: Corwin, Gene (autor)
Otros autores: Lifton, Henry (autor) (autor)
Formato: Libro
Idioma:Inglés
Publicado: Nueva York, EUA : Kaplan, 2002, c2002
Colección:(Kaplan Higher Education Career Series)
Temas:
Etiquetas: Agrega una etiqueta
Sin etiquetas, Sé el primero en etiquetar este registro!

MARC

LEADER 00000nam^a2200000^a^4500
001 000153070
005 20250521000000.0
009 20260310100305.709
020 |a 0-7432-3061-2 
037 |a Acervo ITESO - Biblioteca 
041 |a ING 
082 |a 621. 39  |b COR 
100 |a Corwin, Gene  |e (autor) 
245 1 0 |a Your Bright Future in Information Technology /  |c G. Corwin, H. Lifton. 
264 4 |a Nueva York, EUA :  |b Kaplan,  |c 2002, c2002 
300 |a 107 p. 
336 |a texto  |b txt  |2 rdacontenido 
337 |a sin mediación  |b n  |2 rdamedio 
338 |a volumen  |b nc  |2 rdasoporte 
440 1 |a (Kaplan Higher Education Career Series) 
520 |a Obra en que se exploran las múltiples oportunidades de trabajo que brinda la industria de la computación. A la vez que revisa cómo iniciar y mantener una carrera en las nuevas tecnologías de la comunicación y la información, se indica al lector qué tipo de preparación académica es necesaria para lograr sus objetivos. 
649 |a XX 
650 |a Ingenieros en Informática 
650 |a Competencias de Información 
650 |a Industria de la Computación 
650 |a Industria Electrónica 
650 |a Informática 
650 |a Ocupaciones (Economía) 
650 |a División del Trabajo 
650 |a Desarrollo Profesional 
650 |a Desarrollo Tecnológico 
650 |a Tecnología y Sociedad 
650 |a Formación y Capacitación Laboral 
650 |a Recursos Humanos 
650 |a Sociedad Industrial 
650 |a Economía Laboral 
650 |a Sociología Laboral 
650 |a Ingeniería Computacional 
700 |a Lifton, Henry  |e (autor) 
910 |a Fondo General 
920 |a Impresos - Libros 
930 |a Colección General 
905 |a 101 
901 |a 0500081673  |b IT1  |c ACC  |u 20250521 
902 |a https://opac.biblio.iteso.mx/vufind/Record/000153070